000 00902nam a2200229Ia 4500
999 _c46517
_d46517
001 13356
003 GE_BSU
005 20240906170201.0
008 181216s2013||||ru |||||||||||||| ||rus||
020 _a97859060164
040 _cGE_BSU
080 _a28 А-79
100 _aАраби, Ибн
_923178
245 _aИзбранное т. 2. :
_bФилософская мысль исламского мира /
_cИбн Араби ; Переводы с арабск. вводн. статья и коммент. А. В. Смирнова.
264 _aМосква :
_bООО Садра,
_c2014.
300 _a398 стр. ;
_c21 см.
440 _aЯзыки славянской культуры
_923179
653 _aИзбранное
653 _aФилософская мысль исламского мира
653 _aЯзыки славянской культуры
942 _cBK
_2udc